[Event "1st FIDE OWCCCC Pools-East 2021"]
[Site "Online"]
[Date "2021.02.20"]
[Round "6.4"]
[White "Homiakova, Elena"]
[Black "Beltz, Franziska"]
[Result "1-0"]
[WhiteElo "2113"]
[BlackElo "2072"]
[Annotator "NA"]
[PlyCount "57"]
[EventDate "2021.02.19"]
[EventType "team-tourn"]
[EventCountry "NET"]
[SourceTitle "playchess.com"]
[Source "ChessBase"]
[SourceQuality "1"]

1. e4 c5 2. Nf3 d6 3. d4 cxd4 4. Nxd4 Nf6 5. Nc3 a6 6. Be2 e6 7. O-O Nbd7 8. f4 b5 9. Bf3 Bb7 10. e5 Bxf3 11. Qxf3 dxe5 12. Nc6 Qc7 13. fxe5 Rc8 14. exf6 gxf6 15. Nd4 Bc5 16. Be3 Qb6 17. Rad1 e5 18. Nf5 Bxe3+ 19. Qxe3 Qxe3+ 20. Nxe3 Rg8 21. Ncd5 Rg6 22. c3 Kf8 23. Nf5 Nc5 24. Nd6 Rd8 25. Nxf6 Ne6 26. Nxh7+ Kg7 27. Rxf7+ Kh8 28. Nf6 Nf4 29. Rh7# 1-0

[Event "1st FIDE OWCCCC Pools-East 2021"]
[Site "Online"]
[Date "2021.02.20"]
[Round "6.4"]
[White "Herndlbauer, Martin"]
[Black "Agrest, Inna"]
[Result "0-1"]
[WhiteElo "2044"]
[BlackElo "2285"]
[Annotator "NA"]
[PlyCount "64"]
[EventDate "2021.02.19"]
[EventType "team-tourn"]
[EventCountry "NET"]
[SourceTitle "playchess.com"]
[Source "ChessBase"]
[SourceQuality "1"]

1. Nf3 Nf6 2. e3 g6 3. d4 Bg7 4. Be2 O-O 5. c4 d6 6. O-O Nbd7 7. Nc3 e5 8. Qc2 Re8 9. Rd1 c6 10. b4 e4 11. Nd2 Qe7 12. a4 a5 13. bxa5 Rxa5 14. Ba3 Nf8 15. Rdb1 h5 16. Rb6 h4 17. h3 N8h7 18. Rab1 Ng5 19. d5 c5 20. Nb5 Rd8 21. Bf1 Nd7 22. Rxd6 Be5 23. Nb3 Ra8 24. Rxd7 Bxd7 25. Bxc5 Qf6 26. Bd4 Rxa4 27. Nc5 Raa8 28. Nxb7 Rdb8 29. Bxe5 Qxe5 30. Nd4 Rc8 31. Rd1 Qc7 32. Rb1 Rcb8 0-1

[Event "1st FIDE OWCCCC Pools-East 2021"]
[Site "Online"]
[Date "2021.02.20"]
[Round "6.5"]
[White "Jojua, Davit"]
[Black "Jakovenko, Dmitry"]
[Result "1-0"]
[WhiteElo "2557"]
[BlackElo "2684"]
[Annotator "ChessBase"]
[PlyCount "69"]
[EventDate "2021.02.19"]
[EventType "team-tourn"]
[EventCountry "NET"]
[SourceTitle "playchess.com"]
[Source "ChessBase"]
[SourceQuality "1"]

1. d4 Nf6 2. c4 e6 3. g3 Bb4+ 4. Bd2 Be7 5. Bg2 d5 6. Nf3 c6 7. Qc2 Nbd7 8. O-O b6 9. Rd1 Ba6 10. b3 Rc8 11. Bc3 dxc4 12. Ne5 Nxe5 13. dxe5 Nd7 14. Qe4 Qc7 15. bxc4 O-O 16. Nd2 Rfd8 17. Nb3 Nc5 18. Nxc5 Bxc5 19. h4 b5 20. cxb5 cxb5 21. Bd4 Bf8 22. Qe3 Rd7 23. Rdc1 Qa5 24. Bxa7 Rxc1+ 25. Rxc1 Qxa2 26. Bc5 Bxc5 27. Qxc5 h5 28. Bf3 g6 29. Qb6 Kg7 30. Kg2 b4 31. Qxb4 Bxe2 32. Bxe2 Qxe2 33. Qf4 Qd3 34. Qf6+ Kh7 35. Rc8 1-0

[Event "1st FIDE OWCCCC Pools-East 2021"]
[Site "Online"]
[Date "2021.02.20"]
[Round "6.5"]
[White "Burg, Twan"]
[Black "Erenburg, Sergey"]
[Result "1/2-1/2"]
[WhiteElo "2514"]
[BlackElo "2559"]
[Annotator "ChessBase"]
[PlyCount "150"]
[EventDate "2021.02.19"]
[EventType "team-tourn"]
[EventCountry "NET"]
[SourceTitle "playchess.com"]
[Source "ChessBase"]
[SourceQuality "1"]

1. e4 c6 2. Nc3 d5 3. Nf3 Bg4 4. h3 Bxf3 5. Qxf3 Nf6 6. d4 dxe4 7. Qe3 Nbd7 8. Nxe4 Nxe4 9. Qxe4 Nf6 10. Qe3 e6 11. Be2 Be7 12. O-O O-O 13. c3 Qc7 14. Qf3 Rfd8 15. Rd1 a5 16. a4 Rac8 17. g3 e5 18. dxe5 Rxd1+ 19. Bxd1 Qxe5 20. Qe2 Qd5 21. Bc2 Bc5 22. Qd3 Re8 23. Bf4 Qe6 24. Kg2 Qd5+ 25. Qxd5 Nxd5 26. Kf3 Nxf4 27. gxf4 g6 28. Rd1 Re7 29. f5 Kg7 30. fxg6 hxg6 31. Rd2 Re6 32. Bb3 Rf6+ 33. Kg2 Kf8 34. Re2 Rf5 35. Bc2 Rf4 36. Bb3 b5 37. axb5 cxb5 38. Bd5 Rf6 39. Bf3 Rf5 40. Rd2 Rg5+ 41. Kf1 Rf5 42. Kg2 b4 43. Rd5 bxc3 44. bxc3 Rxd5 45. Bxd5 a4 46. Kf3 a3 47. Ke2 Ke7 48. f3 g5 49. Kd3 f5 50. Ba2 Kd6 51. Kc4 Bf2 52. Kb3 Bc5 53. Bb1 f4 54. Kc4 Kc6 55. Be4+ Kb6 56. Bb1 Be7 57. Kb3 Kb5 58. Bd3+ Kc6 59. Be4+ Kb5 60. Bd3+ Kb6 61. Bf5 Bc5 62. Bd3 Kc7 63. Bb1 Kd7 64. Kc4 Kd6 65. Kb3 Kc7 66. Kc4 Kd6 67. Kb3 Kd5 68. Be4+ Ke5 69. Bb1 Kd6 70. Kc4 Kc6 71. Be4+ Kb6 72. Kb3 Kb5 73. Bd3+ Ka5 74. Bb1 Kb6 75. Kc4 Kc6 1/2-1/2

[Event "1st FIDE OWCCCC Pools-East 2021"]
[Site "Online"]
[Date "2021.02.20"]
[Round "6.5"]
[White "Warakomski, Tomasz"]
[Black "Sikorova, Olga"]
[Result "1-0"]
[WhiteElo "2510"]
[BlackElo "2215"]
[Annotator "ChessBase"]
[PlyCount "133"]
[EventDate "2021.02.19"]
[EventType "team-tourn"]
[EventCountry "NET"]
[SourceTitle "playchess.com"]
[Source "ChessBase"]
[SourceQuality "1"]

1. e4 e6 2. d4 d5 3. Nc3 Bb4 4. e5 c5 5. a3 Bxc3+ 6. bxc3 Qa5 7. Bd2 Qa4 8. Qg4 g6 9. Qd1 Nc6 10. Nf3 c4 11. h4 h6 12. h5 g5 13. Nh2 f5 14. exf6 Nxf6 15. g3 Bd7 16. Bg2 O-O-O 17. O-O e5 18. dxe5 Nxe5 19. Be3 Neg4 20. Bd4 Rhf8 21. Rb1 Nxh2 22. Kxh2 Bg4 23. Qc1 b6 24. Re1 Ne4 25. Kg1 Qe8 26. Rb4 Bf3 27. Qe3 Qxh5 28. Rxc4+ dxc4 29. Bxf3 Qxf3 30. Qxf3 Rxf3 31. Rxe4 Rd6 32. Re7 Rf8 33. Rxa7 Re8 34. Kf1 Ree6 35. a4 Rd7 36. Ra8+ Kb7 37. Rf8 Rd5 38. Rf7+ Ka6 39. Rc7 h5 40. Rxc4 h4 41. Kg2 hxg3 42. Kxg3 Re2 43. Rb4 Re6 44. Be3 Ka5 45. Kg4 Rg6 46. Bd4 Rh6 47. Kg3 Re6 48. Be3 Rh6 49. Rg4 Rh5 50. Re4 Rh7 51. Re6 Rb7 52. c4 Rf5 53. Kg4 Rff7 54. Kxg5 Rfc7 55. Re4 Rg7+ 56. Kh4 Rh7+ 57. Kg3 Rbg7+ 58. Kf3 Rf7+ 59. Ke2 Rf6 60. c5 bxc5 61. Bxc5 Rc7 62. Re5 Kxa4 63. c3 Kb3 64. Bd4 Kc2 65. Kf1 Kd3 66. Re3+ Kc2 67. Bxf6 1-0

[Event "1st FIDE OWCCCC Pools-East 2021"]
[Site "Online"]
[Date "2021.02.20"]
[Round "6.5"]
[White "Rozhkov, Viacheslav"]
[Black "Antonenko, Vladimir"]
[Result "1-0"]
[WhiteElo "2239"]
[BlackElo "2391"]
[Annotator "NA"]
[PlyCount "97"]
[EventDate "2021.02.19"]
[EventType "team-tourn"]
[EventCountry "NET"]
[SourceTitle "playchess.com"]
[Source "ChessBase"]
[SourceQuality "1"]

1. e4 c5 2. Nf3 Nc6 3. d4 cxd4 4. Nxd4 e6 5. Nc3 Qc7 6. g3 a6 7. Bg2 d6 8. O-O Be7 9. Be3 Nf6 10. f4 O-O 11. Nb3 b5 12. g4 b4 13. Na4 d5 14. exd5 exd5 15. g5 Bg4 16. Qe1 Ne4 17. Nb6 Rad8 18. Nxd5 Rxd5 19. Bxe4 Rd6 20. Qh4 h5 21. h3 Re6 22. Nd2 Rxe4 23. Nxe4 Bf5 24. Ng3 Bxc2 25. Rfc1 Bd3 26. Qxh5 Re8 27. Qf3 Bb5 28. a4 bxa3 29. bxa3 Ba4 30. Qe4 Qa5 31. Rxc6 Bxc6 32. Qxc6 Rb8 33. Qe4 Bf8 34. Rf1 Qxa3 35. g6 fxg6 36. Qe6+ Kh7 37. f5 gxf5 38. Qxf5+ Kh8 39. Bf4 Rd8 40. Be5 Qc5+ 41. Kh1 Qc6+ 42. Qf3 Qe6 43. Qh5+ Kg8 44. Qf5 Qc6+ 45. Qf3 Qe6 46. Ba1 Re8 47. Nf5 Qg6 48. Rg1 Qh6 49. Nxh6+ 1-0

[Event "1st FIDE OWCCCC Pools-East 2021"]
[Site "Online"]
[Date "2021.02.20"]
[Round "6.5"]
[White "Niyazgulova, Marina"]
[Black "Anisimov, Pavel"]
[Result "1/2-1/2"]
[WhiteElo "2227"]
[BlackElo "2527"]
[Annotator "ChessBase"]
[PlyCount "104"]
[EventDate "2021.02.19"]
[EventType "team-tourn"]
[EventCountry "NET"]
[SourceTitle "playchess.com"]
[Source "ChessBase"]
[SourceQuality "1"]

1. d4 Nf6 2. c4 e6 3. Nc3 Bb4 4. Qc2 O-O 5. e4 d5 6. e5 Ne4 7. Bd3 c5 8. Nge2 Nc6 9. cxd5 exd5 10. O-O Nxd4 11. Nxd4 cxd4 12. Nxe4 dxe4 13. Bxe4 Qh4 14. f4 Be6 15. Bxb7 Rab8 16. Ba6 Rfd8 17. a3 Ba5 18. b4 Bb6 19. Qd2 d3+ 20. Kh1 Bf5 21. Bb2 Qh6 22. Rac1 Qg6 23. Rf3 Bd4 24. Bxd4 Rxd4 25. Bc4 Rc8 26. Bxd3 Rcd8 27. Bxf5 Qxf5 28. Qe3 h6 29. Rff1 R8d7 30. Qh3 Qxh3 31. gxh3 Rd3 32. a4 Rxh3 33. Rfd1 Rb7 34. Rd4 Rb3 35. b5 g6 36. Kg2 Kg7 37. Rc5 Ra3 38. Rc6 h5 39. Ra6 Rc7 40. Rc6 Rxc6 41. bxc6 Rc3 42. Rd7 Rxc6 43. Rxa7 Kg8 44. a5 Rc3 45. a6 Ra3 46. Kf2 h4 47. Kg2 Kf8 48. Ra8+ Kg7 49. Ra7 Kg8 50. Ra8+ Kg7 51. Ra7 Kg8 52. Ra8+ Kg7 1/2-1/2

[Event "1st FIDE OWCCCC Pools-East 2021"]
[Site "Online"]
[Date "2021.02.20"]
[Round "6.6"]
[White "Stefanova, Antoaneta"]
[Black "Delorme, Axel"]
[Result "1/2-1/2"]
[WhiteElo "2470"]
[BlackElo "2480"]
[Annotator "ChessBase"]
[PlyCount "98"]
[EventDate "2021.02.19"]
[EventType "team-tourn"]
[EventCountry "NET"]
[SourceTitle "playchess.com"]
[Source "ChessBase"]
[SourceQuality "1"]

1. Nf3 d5 2. g3 g6 3. Bg2 Bg7 4. d4 Nh6 5. c3 Nf5 6. h4 h6 7. Bf4 Nd7 8. Nbd2 Nd6 9. Ne5 c6 10. Nxd7 Bxd7 11. e4 dxe4 12. Nxe4 Nxe4 13. Bxe4 O-O 14. Qd2 h5 15. O-O Be6 16. Rfe1 Qd7 17. Bh6 Rfe8 18. Bxg7 Kxg7 19. Qg5 Qd6 20. Re3 Bg4 21. Rae1 Rad8 22. Qa5 a6 23. Bg2 Bc8 24. Qb6 Kf8 25. a4 Qf6 26. Qc5 Qd6 27. Qb6 Qf6 28. b4 Qd6 29. Re5 e6 30. R5e3 Kg7 31. Re5 Re7 32. Ra1 Ree8 33. b5 cxb5 34. Qxd6 Rxd6 35. axb5 Bd7 36. bxa6 bxa6 37. Rea5 Rc8 38. R1a3 Bb5 39. Bb7 Rc7 40. Bxa6 Bxa6 41. Rxa6 Rxa6 42. Rxa6 Rxc3 43. Kf1 Rb3 44. Ke2 Kf8 45. Ra7 Kg7 46. Rd7 Kf6 47. Ra7 Kg7 48. Rd7 Kf6 49. Ra7 Kg7 1/2-1/2

[Event "1st FIDE OWCCCC Pools-East 2021"]
[Site "Online"]
[Date "2021.02.20"]
[Round "6.6"]
[White "Abramov, Valentin"]
[Black "Fomenko, Victor"]
[Result "0-1"]
[WhiteElo "2271"]
[BlackElo "2003"]
[Annotator "NA"]
[PlyCount "94"]
[EventDate "2021.02.19"]
[EventType "team-tourn"]
[EventCountry "NET"]
[SourceTitle "playchess.com"]
[Source "ChessBase"]
[SourceQuality "1"]

1. d4 b6 2. c4 Bb7 3. Nc3 g6 4. Nf3 Bg7 5. e4 d6 6. Bd3 Nd7 7. Be3 e6 8. h4 h6 9. Qc2 Ngf6 10. O-O-O a6 11. e5 Ng4 12. exd6 cxd6 13. Bf4 e5 14. Rhe1 O-O 15. dxe5 Bxf3 16. gxf3 Ngxe5 17. Be4 Rc8 18. Bd5 b5 19. Bxe5 Nxe5 20. Rxe5 dxe5 21. Bxf7+ Rxf7 22. Rxd8+ Rxd8 23. Qxg6 Rxf3 24. Qxa6 Rxf2 25. Qxb5 e4 26. Qb6 Rdd2 27. Qe6+ Kh8 28. Qe8+ Bf8 29. Nxe4 Rde2 30. Qe5+ Bg7 31. Nxf2 Bxe5 32. Nd3 Bc7 33. a4 Re4 34. b3 Rxh4 35. Kc2 Rg4 36. b4 h5 37. Kc3 h4 38. a5 h3 39. Nf2 Rg3+ 40. Kd4 h2 41. b5 Rg2 42. Nh1 Rg1 43. Nf2 Rf1 44. b6 Bb8 45. a6 Rxf2 46. a7 Bxa7 47. bxa7 Ra2 0-1

[Event "1st FIDE OWCCCC Pools-East 2021"]
[Site "Online"]
[Date "2021.02.20"]
[Round "6.6"]
[White "Vasilov, Artur"]
[Black "Maghalashvili, Davit"]
[Result "0-1"]
[WhiteElo "2266"]
[BlackElo "2456"]
[Annotator "ChessBase"]
[PlyCount "68"]
[EventDate "2021.02.19"]
[EventType "team-tourn"]
[EventCountry "NET"]
[SourceTitle "playchess.com"]
[Source "ChessBase"]
[SourceQuality "1"]

1. c4 Nf6 2. Nc3 c5 3. g3 d5 4. cxd5 Nxd5 5. Bg2 Nc7 6. d3 g6 7. Be3 Ne6 8. Rc1 Bg7 9. Qb3 O-O 10. Bxb7 Bxb7 11. Qxb7 Nd7 12. Nf3 Nd4 13. Bxd4 cxd4 14. Nb5 Qa5+ 15. Kf1 Rab8 16. Qxd7 Rxb5 17. Rc8 Rxb2 18. Rxf8+ Bxf8 19. Kg2 Qxa2 20. Rc1 Rxe2 21. Qxd4 Qb2 22. Rc8 Qxd4 23. Nxd4 Ra2 24. Nc6 Kg7 25. Rc7 Rc2 26. d4 e6 27. Kf3 a5 28. Ke4 a4 29. Kd3 Rxf2 30. Nd8 Kg8 31. Ra7 a3 32. Kc3 Rxh2 33. Nxf7 Rg2 34. Ng5 Rxg3+ 0-1

[Event "1st FIDE OWCCCC Pools-East 2021"]
[Site "Online"]
[Date "2021.02.20"]
[Round "6.6"]
[White "Shlauzer, Andrey"]
[Black "Kunakbaev, Ilnur"]
[Result "1-0"]
[WhiteElo "2122"]
[BlackElo "2196"]
[Annotator "NA"]
[PlyCount "141"]
[EventDate "2021.02.19"]
[EventType "team-tourn"]
[EventCountry "NET"]
[SourceTitle "playchess.com"]
[Source "ChessBase"]
[SourceQuality "1"]

1. e4 c5 2. Nf3 a6 3. d4 cxd4 4. Nxd4 Nf6 5. Bd3 e5 6. Nf3 Bc5 7. O-O d6 8. h3 O-O 9. Nc3 b5 10. Bg5 Bb7 11. Qd2 Nbd7 12. Rae1 Bb4 13. a3 Bxc3 14. Qxc3 h6 15. Bc1 Rc8 16. Qd2 Nh5 17. g3 f5 18. Nh4 f4 19. Qe2 Qg5 20. Nf5 Rxf5 21. exf5 Nxg3 22. Qg4 Qxg4 23. hxg4 Nxf1 24. Kxf1 Bf3 25. Be2 Bd5 26. c3 Nf6 27. f3 Bb3 28. Kf2 Kf7 29. Bf1 Bc4 30. Bg2 a5 31. Bd2 a4 32. Bc1 Nd7 33. Rd1 Rc6 34. Bh3 Nc5 35. Bf1 Bxf1 36. Kxf1 g6 37. fxg6+ Kxg6 38. Ke2 Nb3 39. Kd3 d5 40. Kc2 Rc5 41. Rf1 Kg5 42. Bd2 Nxd2 43. Kxd2 e4 44. Ke2 e3 45. Rh1 Kg6 46. Rh5 Kf6 47. Rf5+ Ke6 48. Rxf4 Rc8 49. Kxe3 Ke5 50. Rf5+ Kd6 51. Rh5 Re8+ 52. Kd4 Re2 53. Rxh6+ Kc7 54. Kxd5 Rxb2 55. g5 Rb3 56. g6 Rxc3 57. g7 Rd3+ 58. Ke4 Rd8 59. Rh8 b4 60. Rxd8 Kxd8 61. g8=Q+ Kd7 62. axb4 a3 63. b5 a2 64. Qxa2 Kd6 65. Qc4 Kd7 66. Qc6+ Ke7 67. Ke5 Kf7 68. Qf6+ Ke8 69. Qg7 Kd8 70. Kd6 Kc8 71. Qc7# 1-0

[Event "1st FIDE OWCCCC Pools-East 2021"]
[Site "Online"]
[Date "2021.02.20"]
[Round "6.6"]
[White "Slovak, Pavel"]
[Black "Janik, Igor"]
[Result "0-1"]
[WhiteElo "1991"]
[BlackElo "2495"]
[Annotator "ChessBase"]
[PlyCount "90"]
[EventDate "2021.02.19"]
[EventType "team-tourn"]
[EventCountry "NET"]
[SourceTitle "playchess.com"]
[Source "ChessBase"]
[SourceQuality "1"]

1. e4 c6 2. d4 d5 3. Nd2 dxe4 4. Nxe4 Bf5 5. Ng3 Bg6 6. Nf3 e6 7. Bd3 Nf6 8. O-O Nbd7 9. Re1 Qc7 10. c3 Bd6 11. Ne4 Nxe4 12. Bxe4 O-O-O 13. b4 Nf6 14. Bd3 Nd5 15. Qc2 Bh5 16. Ne5 f6 17. Nc4 Bxh2+ 18. Kh1 Rhe8 19. a4 Bf4 20. b5 Bg6 21. Ne3 Nxe3 22. Bxe3 Rd5 23. bxc6 Rh5+ 24. Kg1 Bxe3 25. fxe3 Qh2+ 26. Kf2 Bxd3 27. Qxd3 Rf5+ 28. Ke2 Qxg2+ 29. Kd1 Qxc6 30. a5 Rd8 31. a6 b6 32. c4 h5 33. Kd2 Rf2+ 34. Kc3 h4 35. Qg6 Qd7 36. Rh1 e5 37. d5 h3 38. Qg3 Rg2 39. Qxh3 Qxh3 40. Rxh3 Kd7 41. Rh7 Rc8 42. Rb1 Ke7 43. Kb4 Kf7 44. Rbh1 Rc2 45. R1h4 Kg6 0-1

[Event "1st FIDE OWCCCC Pools-East 2021"]
[Site "Online"]
[Date "2021.02.20"]
[Round "6.7"]
[White "Ratsma, Rosa"]
[Black "Von Krogh, Christopher"]
[Result "1-0"]
[WhiteElo "2306"]
[BlackElo "2223"]
[Annotator "NA"]
[PlyCount "71"]
[EventDate "2021.02.19"]
[EventType "team-tourn"]
[EventCountry "NET"]
[SourceTitle "playchess.com"]
[Source "ChessBase"]
[SourceQuality "1"]

1. e4 c6 2. Nc3 d5 3. Nf3 Bg4 4. h3 Bh5 5. d4 e6 6. Bd3 Nf6 7. e5 Bxf3 8. Qxf3 Nfd7 9. Ne2 c5 10. c3 Nc6 11. O-O Be7 12. Qg3 g6 13. Bh6 Rc8 14. a3 cxd4 15. cxd4 Na5 16. Rac1 Nc4 17. Bxc4 dxc4 18. Rfd1 Nb6 19. Nc3 Nd5 20. Ne4 b5 21. Rc2 a5 22. Qf3 Rg8 23. h4 b4 24. Rdc1 c3 25. axb4 axb4 26. bxc3 b3 27. Rb2 f5 28. exf6 Nxf6 29. Rxb3 Nd5 30. c4 Nf6 31. Nxf6+ Bxf6 32. d5 exd5 33. Re1+ Kf7 34. Rb7+ Rc7 35. Qxd5+ Qxd5 36. Rxc7+ 1-0

[Event "1st FIDE OWCCCC Pools-East 2021"]
[Site "Online"]
[Date "2021.02.20"]
[Round "6.7"]
[White "Reza, Wojciech"]
[Black "Kubicek, Robert"]
[Result "1-0"]
[WhiteElo "2304"]
[BlackElo "2141"]
[Annotator "NA"]
[PlyCount "87"]
[EventDate "2021.02.19"]
[EventType "team-tourn"]
[EventCountry "NET"]
[SourceTitle "playchess.com"]
[Source "ChessBase"]
[SourceQuality "1"]

1. e4 c6 2. d4 d5 3. Nc3 dxe4 4. Nxe4 Nf6 5. Nxf6+ gxf6 6. Be2 Qc7 7. Bf3 Bf5 8. Ne2 e6 9. Ng3 Bg6 10. h4 h5 11. c3 Qa5 12. b4 Qb5 13. Bd2 Nd7 14. a4 Qc4 15. Nxh5 Bd6 16. Be2 Qd5 17. Nf4 Bxf4 18. Bxf4 O-O-O 19. Be3 Ne5 20. f3 Nc4 21. Bf2 e5 22. Qb3 Ne3 23. c4 Qxd4 24. Rd1 Qxd1+ 25. Bxd1 Rxd1+ 26. Qxd1 Nxd1 27. Kxd1 b6 28. c5 Rd8+ 29. Kc1 Kb7 30. h5 Bh7 31. cxb6 axb6 32. Rd1 Rxd1+ 33. Kxd1 f5 34. Kd2 f4 35. Bh4 Kc7 36. Kc3 Kd6 37. Bf2 Kc7 38. a5 bxa5 39. bxa5 e4 40. Kd4 e3 41. Be1 Kd6 42. Kc4 f5 43. h6 Bg8+ 44. Kb4 1-0

[Event "1st FIDE OWCCCC Pools-East 2021"]
[Site "Online"]
[Date "2021.02.20"]
[Round "6.7"]
[White "Kabanova, Ekaterina"]
[Black "Ragozin, Andrei"]
[Result "0-1"]
[WhiteElo "2138"]
[BlackElo "2021"]
[Annotator "NA"]
[PlyCount "124"]
[EventDate "2021.02.19"]
[EventType "team-tourn"]
[EventCountry "NET"]
[SourceTitle "playchess.com"]
[Source "ChessBase"]
[SourceQuality "1"]

1. c4 e6 2. e3 d5 3. Nf3 Nf6 4. Qc2 dxc4 5. Bxc4 a6 6. a3 Nbd7 7. b4 a5 8. b5 Nb6 9. Be2 Bd6 10. Bb2 Qe7 11. h4 O-O 12. Ng5 e5 13. Nc3 h6 14. Nce4 Bf5 15. Nxf6+ Qxf6 16. Ne4 Qg6 17. Bf3 Rab8 18. h5 Qe6 19. Rc1 Rfd8 20. Rg1 Qe7 21. g4 Bh7 22. Qb3 a4 23. Qa2 Kh8 24. g5 Bxe4 25. Bxe4 hxg5 26. Rh1 Nd7 27. h6 g6 28. h7 Nc5 29. Bd5 Nd3+ 30. Ke2 Nxb2 31. Qxb2 Bxa3 32. Qa2 Bxc1 33. Rxc1 Kxh7 34. Bxf7 Rf8 35. Bd5 Qb4 36. Rxc7+ Kh6 37. Qa1 Qg4+ 38. f3 Qg2+ 39. Kd3 Rfe8 40. Rd7 Rbd8 41. Rxd8 Rxd8 42. Qxe5 a3 43. Kc2 Rc8+ 44. Kd3 a2 45. Bxa2 Qf1+ 46. Kd4 Qa1+ 47. Ke4 Qxa2 48. Qh2+ Kg7 49. Qh3 Re8+ 50. Kd3 Qe6 51. Qh2 Rd8+ 52. Ke2 Qc4+ 53. Kf2 Rxd2+ 54. Kg3 Rxh2 55. Kxh2 Qxb5 56. Kg3 Qc4 57. e4 b5 58. Kg4 b4 59. Kxg5 b3 60. e5 b2 61. f4 b1=Q 62. f5 Qxf5# 0-1

[Event "1st FIDE OWCCCC Pools-East 2021"]
[Site "Online"]
[Date "2021.02.20"]
[Round "6.7"]
[White "NanaTsikara"]
[Black "Komendatyan, Artyom"]
[Result "1/2-1/2"]
[WhiteElo "1892"]
[BlackElo "2195"]
[Annotator "NA"]
[PlyCount "95"]
[EventDate "2021.02.19"]
[EventType "team-tourn"]
[EventCountry "NET"]
[SourceTitle "playchess.com"]
[Source "ChessBase"]
[SourceQuality "1"]

1. e4 c5 2. Nf3 e6 3. d4 cxd4 4. Nxd4 Nc6 5. Nc3 d6 6. Be3 a6 7. Qd2 Nf6 8. f3 Be7 9. g4 Qc7 10. O-O-O b5 11. g5 Nd7 12. f4 Nc5 13. Bg2 Bb7 14. Nxc6 Bxc6 15. Qd4 O-O 16. h4 Rfb8 17. Kb1 b4 18. Ne2 e5 19. Qd2 Nxe4 20. Bxe4 Bxe4 21. f5 Bxf5 22. Ng3 Be6 23. h5 d5 24. g6 d4 25. Bg5 f6 26. gxh7+ Kxh7 27. Qd3+ Kg8 28. h6 Bf8 29. hxg7 Qxg7 30. Nh5 Qxg5 31. Nxf6+ Kf7 32. Rh7+ Bg7 33. Rf1 Ke7 34. Ne4 Qg6 35. Rhh1 Rf8 36. Re1 Qf7 37. Qd2 Bxa2+ 38. Ka1 Bd5 39. Qxb4+ Kd7 40. Qd6+ Kc8 41. Nc5 Bf6 42. Ref1 Bxh1 43. Rxh1 Qe7 44. Qc6+ Kb8 45. Qb6+ Kc8 46. Qc6+ Kb8 47. Qb6+ Kc8 48. Qc6+ 1/2-1/2

[Event "1st FIDE OWCCCC Pools-East 2021"]
[Site "Online"]
[Date "2021.02.20"]
[Round "6.7"]
[White "Chernoshchek, Andrey"]
[Black "Golovchenko, Gleb"]
[Result "0-1"]
[WhiteElo "1816"]
[BlackElo "2260"]
[Annotator "NA"]
[PlyCount "84"]
[EventDate "2021.02.19"]
[EventType "team-tourn"]
[EventCountry "NET"]
[SourceTitle "playchess.com"]
[Source "ChessBase"]
[SourceQuality "1"]

1. c4 e5 2. Nc3 Nf6 3. Nf3 e4 4. Ng5 c6 5. Ngxe4 Nxe4 6. Nxe4 d5 7. cxd5 cxd5 8. Nc3 d4 9. Ne4 f5 10. Ng3 Bd6 11. e3 O-O 12. Bc4+ Kh8 13. O-O Nc6 14. b3 f4 15. exf4 Bxf4 16. d3 Bc7 17. Qh5 Ne5 18. Bg5 Qd7 19. a4 Nxc4 20. bxc4 Qc6 21. Rae1 Bxg3 22. fxg3 Bf5 23. Be7 Bg6 24. Rxf8+ Rxf8 25. Qb5 Re8 26. Qxc6 bxc6 27. Bb4 Rxe1+ 28. Bxe1 Bxd3 29. c5 Bc2 30. Kf2 Bxa4 31. Kf3 Bb5 32. Ke4 d3 33. g4 Kg8 34. h4 Kf7 35. Bc3 Ke6 36. Ke3 g6 37. g3 Kd5 38. g5 Kxc5 39. g4 Kc4 40. Kd2 Kb3 41. h5 c5 42. Ba5 c4 0-1

[Event "1st FIDE OWCCCC Pools-East 2021"]
[Site "Online"]
[Date "2021.02.20"]
[Round "6.8"]
[White "Kozhakina, Alena V."]
[Black "Rodionova, Polina"]
[Result "1-0"]
[WhiteElo "2271"]
[BlackElo "2024"]
[Annotator "NA"]
[PlyCount "79"]
[EventDate "2021.02.19"]
[EventType "team-tourn"]
[EventCountry "NET"]
[SourceTitle "playchess.com"]
[Source "ChessBase"]
[SourceQuality "1"]

1. e4 c5 2. Nc3 Nc6 3. d3 g6 4. Be3 d6 5. d4 cxd4 6. Bxd4 Nxd4 7. Qxd4 Nf6 8. e5 dxe5 9. Qxe5 a6 10. Rd1 Bd7 11. Nf3 Bg7 12. Bc4 O-O 13. O-O Qc8 14. Bb3 e6 15. Rfe1 Nd5 16. Nxd5 exd5 17. Qxd5 Be6 18. Qxe6 fxe6 19. Bxe6+ Qxe6 20. Rxe6 Bxb2 21. Rb1 Bc3 22. Rxb7 Rf7 23. Rxf7 Kxf7 24. Ng5+ Kg8 25. g3 a5 26. Rc6 Bd4 27. Kg2 Rb8 28. c3 Bg7 29. Ne6 Be5 30. Rc5 Bf6 31. Nd4 a4 32. Ra5 Rc8 33. Rxa4 Rxc3 34. Ra8+ Kf7 35. Nb5 Rc2 36. a4 Ra2 37. a5 Ke6 38. a6 Kd5 39. a7 Kc5 40. Rb8 1-0

[Event "1st FIDE OWCCCC Pools-East 2021"]
[Site "Online"]
[Date "2021.02.20"]
[Round "6.8"]
[White "Stadler, Simon"]
[Black "Chlost, Marlena"]
[Result "0-1"]
[WhiteElo "2188"]
[BlackElo "2160"]
[Annotator "NA"]
[PlyCount "62"]
[EventDate "2021.02.19"]
[EventType "team-tourn"]
[EventCountry "NET"]
[SourceTitle "playchess.com"]
[Source "ChessBase"]
[SourceQuality "1"]

1. e4 c5 2. Nf3 d6 3. d4 cxd4 4. Nxd4 Nf6 5. Nc3 a6 6. Bg5 e6 7. f4 Be7 8. Qf3 Qc7 9. O-O-O Nbd7 10. g4 h6 11. Bxf6 Bxf6 12. h4 Qb6 13. Nb3 Nc5 14. Bg2 Bd7 15. g5 hxg5 16. hxg5 Rxh1 17. Rxh1 Be7 18. Nxc5 Qxc5 19. Kb1 O-O-O 20. Rd1 Bc6 21. Qg3 g6 22. Bh3 Kb8 23. f5 gxf5 24. exf5 exf5 25. Qf4 Qe5 26. Qxf5 Qxf5 27. Bxf5 Bxg5 28. Nd5 Rh8 29. Nb4 Bf3 30. Rf1 Be2 31. Re1 Bd2 0-1

[Event "1st FIDE OWCCCC Pools-East 2021"]
[Site "Online"]
[Date "2021.02.20"]
[Round "6.8"]
[White "Rjanova, Valery"]
[Black "Vekua, Temur"]
[Result "1/2-1/2"]
[WhiteElo "2178"]
[BlackElo "1991"]
[Annotator "NA"]
[PlyCount "153"]
[EventDate "2021.02.19"]
[EventType "team-tourn"]
[EventCountry "NET"]
[SourceTitle "playchess.com"]
[Source "ChessBase"]
[SourceQuality "1"]

1. e4 e5 2. Nf3 Nc6 3. Bc4 Nf6 4. d3 Be7 5. Bb3 O-O 6. O-O d6 7. c3 Bg4 8. Nbd2 Qd7 9. h3 Bh5 10. Re1 Kh8 11. Nf1 Bg6 12. Ng3 Nh5 13. Nxh5 Bxh5 14. g4 Bg6 15. d4 h5 16. Nh2 hxg4 17. hxg4 exd4 18. cxd4 Bf6 19. Ba4 Qe7 20. Bxc6 bxc6 21. f3 c5 22. dxc5 dxc5 23. Nf1 Rfd8 24. Qc2 Bd4+ 25. Be3 Rab8 26. Rab1 f6 27. b3 a5 28. Ng3 Qe5 29. Kg2 Re8 30. Qc4 Qe6 31. Qxe6 Rxe6 32. Nf5 Bxf5 33. gxf5 Reb6 34. Rbd1 Rd6 35. Rd3 Kg8 36. Rc1 Rb7 37. Bxd4 cxd4 38. Rc4 c5 39. Rxc5 a4 40. Rc4 axb3 41. axb3 Rdb6 42. Rcxd4 Rxb3 43. Rxb3 Rxb3 44. Rd7 Kh7 45. Kg3 Kh6 46. Kg4 Rb1 47. Rd8 Kh7 48. Re8 Rg1+ 49. Kf4 Re1 50. Kg3 Rg1+ 51. Kf2 Ra1 52. f4 Ra2+ 53. Kg3 Ra1 54. e5 fxe5 55. fxe5 Kh6 56. Rf8 Kg5 57. Rf7 Ra3+ 58. Kf2 Kf4 59. e6 Ra2+ 60. Ke1 Ra8 61. e7 Re8 62. Kd2 Ke5 63. Ke3 Kd6 64. Rxg7 Rxe7+ 65. Rxe7 Kxe7 66. Kf4 Kf6 67. Ke4 Kf7 68. Kd5 Kf6 69. Ke4 Kf7 70. Ke5 Ke7 71. f6+ Kf7 72. Kf5 Kf8 73. Kg5 Kf7 74. Kf5 Kf8 75. Kg6 Kg8 76. f7+ Kf8 77. Kf6 1/2-1/2